| 000 | 00837nam a2200241Ia 4500 | ||
|---|---|---|---|
| 003 | GCL | ||
| 008 | 140319s9999 xx 000 0 ara d | ||
| 040 |
_aGCL / _cGCL |
||
| 082 | 0 | 4 |
_a509.953 _bق ع |
| 100 | 1 | _aقدرى حافظ طوقان | |
| 245 | 1 | 0 |
_aالعلوم عند العرب / _cقدرى حافظ طوقان |
| 260 |
_aالاردن : _bدار اقرا للنشر والتوزيع والطباعة |
||
| 260 |
_aالقاهرة : _bمكتبة مصر |
||
| 300 |
_a238 ص ؛ _c24 سم |
||
| 490 | _a | ||
| 650 | 0 | 4 | _aالحضارة العربية الاسلامية - المعارف البحرية |
| 650 | 0 | 4 | _aالعلوم |
| 650 | 0 | 4 | _aالعلوم عند العرب |
| 650 | 0 | 4 | _aالحضارة الاسلامية |
| 650 | 0 | 4 | _aالعلماء العرب |
| 650 | 0 | 4 | _aتاريخ العلوم |
| 942 |
_2ddc _cBK |
||
| 999 |
_c35766 _d35766 |
||